000 00858nam a22002411 4500
001 7028
003 BD-RjUL
005 20211208234345.0
008 140113s1954 enka 001 0 eng d
035 _a(BD-RjUL)7070
040 _aDLC
_beng
_cFO
_dDLC
_dBD-RjUL
041 _aeng
082 0 0 _a363.258
_bCHF 1954
100 1 _aCherrill, Frederick R.
_922015
245 1 4 _aThe finger print system at Scotland Yard :
_ba practical treatise on finger print identification for the use of students and experts and a guide for investigators when dealing with imprints left at the scenes of crime. /
_cForeword by Sir John Nott-Bower.
260 _aLondon :
_bH.M. Stationery Off.,
_c1954.
300 _a173 p. :
_billus.
_c28 cm.
504 _aIncludes index.
650 0 _aFingerprints.
_922016
942 _2ddc
_cBK
999 _c7028
_d7028